Hasrat Mohani Ki Chand Nadir-o-Nayab Tehreeren (Record no. 50634)

000 -LEADER
fixed length control field 00337nam a22001097a 4500
082 ## - DEWEY DECIMAL CLASSIFICATION NUMBER
Classification number 891.4391
245 ## - TITLE STATEMENT
Title Hasrat Mohani Ki Chand Nadir-o-Nayab Tehreeren
Statement of responsibility Syed Muhammad Asghar Kazmi
260 ## - PUBLICATION, DISTRIBUTION, ETC. (IMPRINT)
Place of publication Lahore
Name of publisher Al-Waqar Publications
Year of publication 2017
300 ## - PHYSICAL DESCRIPTION
Number of Pages 246 Pages
Other physical details 22x14 cm
-- HB
700 ## - ADDED ENTRY--PERSONAL NAME
Personal name Compiled by Syed Muhammad Asghar Kazmi
942 ## - ADDED ENTRY ELEMENTS (KOHA)
Koha item type Books
Holdings
Withdrawn status Lost status Collection code Permanent Location Current Location Shelving location Date acquired Source of acquisition Cost, normal purchase price Full call number Accession Number Koha item type
    Non-fiction Garrison Public Library Multan Garrison Public Library Multan General Stacks 2018-07-23 CRV/GPLM/Donation/53/2018 825.00 891.4391 A818H 2017 56476 Books

Copyright © 2018. Powered by GPL Web Admin